Kabale University Library Catalogue

Normal view MARC view
  • Pastoral fiction

Entry Genre/Form Term

Number of records used in: 1

001 - CONTROL NUMBER

  • control field: 14867

003 - CONTROL NUMBER IDENTIFIER

  • control field: OSt

005 - DATE AND TIME OF LATEST TRANSACTION

  • control field: 20260129112506.0

008 - FIXED-LENGTH DATA ELEMENTS

  • fixed length control field: 260129|| aca||aabn | a|a d

040 ## - CATALOGING SOURCE

  • Original cataloging agency: OSt
  • Transcribing agency: OSt

155 ## - HEADING--GENRE/FORM TERM

  • Genre/form term: Pastoral fiction

670 ## - SOURCE DATA FOUND

  • Source citation: Work cat.: (OSt)5894: Hardy, Thomas, 1840-1928. 14858, Tess of the d'Urbervilles /, 1991

Kabale University Library | Kabale University P.O Box 317, Kabale, Uganda
Tel : +256754017033, +256774661503 E-mail : library@kab.ac.ug